Nueva noticia del país que los españoles encontraron en el año de 1521 llamado Yucatán. Marzo 18 de 1522

Detalles Bibliográficos
Autor principal: Martin, Benito
Formato: Libro
Lenguaje:Undetermined
Spanish
Publicado: México 1973
Serie editorial:Colección Juan Pablos ; 5
Materias:
Colección:Banco de datos
Acervo:Biblioteca Fenando Tola de Habich. Colección bibliográfica
Descripción Física:25 p., [5] p. il. 24 cm.
Tema general:Historia México Descubrimiento y Conquista
LEADER 00734nam a2200205Ia 4500
008 150723s9999 xx 000 0 und d
041 0 |a spa 
100 1 |a Martin, Benito 
245 1 0 |a Nueva noticia del país que los españoles encontraron en el año de 1521 llamado Yucatán. Marzo 18 de 1522 
260 |a México  |b Editorial Juan Pablos  |c 1973 
300 |a 25 p., [5] p.  |b il.  |c 24 cm. 
440 0 |a Colección Juan Pablos ; 5 
501 |a 5 obras 
545 |a Tiraje: 500 ejemplares. Edición facsimilar 
599 |a Incluye ilustraciones 
650 1 0 |a Historia México Descubrimiento y Conquista 
852 |a 11649-E 
942 |c TOLALIB 
943 |g Biblioteca Fenando Tola de Habich. Colección bibliográfica 
999 |c 1000584  |d 1000584